|
|
|
|
| LEADER |
00000cam a2200000 a 4500 |
| 001 |
UCD6127 |
| 003 |
CL-VaPUC |
| 008 |
161118e20140000us |||||||||||||||||eng|d |
| 020 |
|
|
|a 9780890544242
|
| 082 |
0 |
4 |
|a 635.6429
|b JON
|2 21
|
| 100 |
|
|
|a Jones, Jeffrey Bryant
|e author
|9 325543
|
| 700 |
0 |
|
|a Zitter, Thomas A
|e author
|9 589805
|
| 700 |
0 |
|
|a Momol, Timur M
|e author
|9 589806
|
| 700 |
0 |
|
|a Miller, Sally A
|e author
|9 589807
|
| 245 |
1 |
0 |
|a Compendium of Tomato diseases and pests
|
| 250 |
|
|
|a 2a. ed
|
| 300 |
|
|
|a 168 p
|
| 942 |
|
|
|c BK
|
| 945 |
|
|
|d 20161118 09:36:00
|a dcastane
|
| 260 |
|
|
|a Saint Paul
|b APS Press
|c 2014
|
| 650 |
|
7 |
|a TOMATE
|2 CL-VaPUC
|9 264158
|
| 650 |
|
7 |
|a ENFERMEDADES Y PLAGAS
|2 CL-VaPUC
|9 589808
|
| 650 |
|
7 |
|a ENFERMEDAES DE LAS PLANTAS
|2 CL-VaPUC
|9 589809
|
| 583 |
|
|
|a last modification
|c 20170807 03:45:06
|k Rodrigo Vera
|
| 999 |
|
|
|c 366508
|d 366506
|
| 952 |
|
|
|0 0
|1 0
|3 erb
|4 0
|6 635_642900000000000_JON_2014
|7 0
|8 A
|9 480785
|a BIBAGR
|b BIBAGR
|i 5349575
|o 635.6429 JON 2014
|p 5349575
|r 2025-01-20
|w 2019-11-24
|y BK
|z Catalogado en:20161118
|k AGR
|